A treatise on Land Surveying in six parts; ... with ... diagrams, etc.] (Record no. 113594)

MARC details
000 -LEADER
fixed length control field 00616cam a22001935a 4500
001 - CONTROL NUMBER
control field L155481
008 - FIXED-LENGTH DATA ELEMENTS--GENERAL INFORMATION
fixed length control field 120326s1808 xxk f 000 0 eng d
035 ## - SYSTEM CONTROL NUMBER
System control number (Sirsi) u155481
041 0# - LANGUAGE CODE
Language code of text/sound track or separate title eng
100 1# - MAIN ENTRY--PERSONAL NAME
Personal name Dix, Thomas
Dates associated with a name 1769 or 70-1813
245 02 - TITLE STATEMENT
Title A treatise on Land Surveying in six parts; ... with ... diagrams, etc.]
250 ## - EDITION STATEMENT
Edition statement Third edition, with ... additions, etc.
260 ## - PUBLICATION, DISTRIBUTION, ETC.
Place of publication, distribution, etc. London
Name of publisher, distributor, etc. L. B. Seeley
Place of publication, distribution, etc. Buckingham [printed]
Date of publication, distribution, etc. 1808
300 ## - PHYSICAL DESCRIPTION
Extent 180 p.
Dimensions 8o
583 ## - ACTION NOTE
Action Condition reviewed
Time/date of action 20120620
Status condition level 2
651 #4 - SUBJECT ADDED ENTRY--GEOGRAPHIC NAME
Geographic name Great Britain
Chronological subdivision 1707-
690 ## - LOCAL SUBJECT ADDED ENTRY--TOPICAL TERM (OCLC, RLIN)
Topical term or geographic name as entry element Measurement
9 (RLIN) 6256
942 ## - ADDED ENTRY ELEMENTS (KOHA)
Suppress in OPAC 0
Holdings
Withdrawn status Lost status Source of classification or shelving scheme Damaged status Not for loan Home library Current library Shelving location Date acquired Total Checkouts Full call number Barcode Date last seen Copy number Price effective from Koha item type
    Dewey Decimal Classification     Historic collection Historic collection Historic collection 26/03/2012   OCTAVO 1808 DIX 30076732 06/08/2019 1 06/08/2019 Book